| 000 | 00474nam a2200181Ia 4500 | ||
|---|---|---|---|
| 003 | GCL | ||
| 008 | 140319s9999 xx 000 0 eng d | ||
| 040 |
_aGCL / _cGCL |
||
| 082 | 0 | 4 |
_a004.65 _bC C |
| 100 | 1 | _aCAMPBELL,BOB | |
| 245 | 1 | 0 |
_aCOMUSERVER CIM RUNNING START / _cCAMPBELL,BOB |
| 260 |
_a[S.N] : _bSYBEX ، _c1993 |
||
| 300 | _a254 | ||
| 650 | 0 | 4 | _aCOMPUTER BULLETIN BOARDS |
| 650 | 0 | 4 | _aELECTRONIC MAIL SYSTEMS |
| 650 | 0 | 4 | _aCOMPUTER - NETWORKS |
| 942 |
_2ddc _cBK |
||
| 999 |
_c16747 _d16747 |
||